000 00358nam a2200145Ia 4500
005 20251222144843.0
008 251222s9999||||xx |||||||||||||| ||spa||
020 _a970-10-5633-7
082 _a005.74/P79
100 _aPost, Gerald V.
245 0 _aSistema de Administración de Bases de Datos
250 _a3a.ed.
264 _bMcGRaw-Hill
942 _cLIB
999 _c21312
_d21312